[Event "Sarajevo Bosnia 29th"]
[Site "Sarajevo"]
[Date "1999.05.19"]
[Round "3"]
[White "Morozevich, Alexander"]
[Black "Shirov, Alexei"]
[Result "1-0"]
[WhiteElo "2723"]
[BlackElo "2726"]
[Annotator "Blatny,P"]
[PlyCount "113"]
[EventDate "1999.05.17"]
[EventType "tourn"]
[EventRounds "9"]
[EventCountry "BIH"]
[EventCategory "19"]
[SourceTitle "CBM 071"]
[Source "ChessBase"]
[SourceDate "1999.08.01"]
[SourceVersion "1"]
[SourceVersionDate "1999.08.01"]
[SourceQuality "1"]

{[%mdl 3104]} 1. e4 e5 2. Nf3 Nf6 3. Nxe5 d6 4. Nf3 Nxe4 5. d4 d5 6. Bd3 Nc6 7.
O-O Be7 8. c4 Nb4 9. Be2 O-O 10. Nc3 Bf5 (10... Be6 11. Be3 Bf5 12. Rc1 dxc4
13. Bxc4 c6 14. Ne5 Nxc3 15. bxc3 Nd5 16. Qf3 Be6 17. Bd2 (17. Rfe1 Nxe3 18.
Qxe3 Bxc4 19. Nxc4 Bf6 20. Rb1 b6 21. Qf3 Rc8 22. Ne3 g6 $10 {Kamsky,G-Anand,V/
Sanghi Nagar/1994/0,5/33/}) 17... Bg5 18. Bxg5 Qxg5 19. Rfe1 Rae8 20. g3 Qf5
21. Qd1 Nb6 22. Bd3 Qf6 23. Qc2 g6 24. Rb1 $14 {Topalov,V-Akopian,V/Linares/
1-0/54/}) 11. a3 (11. Bf4 c6 12. c5 Qa5 13. Qb3 b6 14. a3 Nxc3 15. Qxc3 Nd3 16.
Qxa5 bxa5 17. Bxd3 Bxd3 18. Rfe1 Bf6 $11 {1/2-1/2 Nokso Koivisto,A-Pihlajasalo,
A/Naantali 1996/EXT 98 (21)}) (11. Nxd5 Nxd5 12. cxd5 Qxd5 13. Bf4 c6 $15 {
0-1 Sergeeva,M-Le Thi Phuong Lien/Zagan 1997/CBM 59 ext (61)}) 11... Nxc3 12.
bxc3 Nc6 13. cxd5 (13. Bf4 dxc4 14. Bxc4 Bd6 15. Bg5 (15. Qd2 Bg6 16. Rfe1 Bxf4
17. Qxf4 Qd6 18. Qxd6 cxd6 19. Bd5 $14 {1/2-1/2 Kovalevskaya,E-Vifleemskaia,S/
Elista 1996/EXT 98 (26)}) 15... Qd7 16. Bd3 h6 17. Be3 Bxd3 18. Qxd3 Ne7 19. c4
Ng6 20. Rfd1 Rfe8 21. Rab1 b6 $13 {0-1 Wiese Jozwiak,M-Rzeczycka,B/Jachranka
1987/EXT 97 (58)}) (13. Be3 dxc4 14. Bxc4 Bf6 15. Bd3 Qd7 16. Rb1 b6 17. Bxf5
Qxf5 18. Qa4 Ne7 19. c4 c6 20. Rbd1 Rfd8 $11 {1/2-1/2 Schmittdiel,E-Panzer,P/
BL9091 1991/GER-chT (52)}) (13. Re1 Bf6 14. Bf4 Rc8 15. Qa4 a6 16. Qb3 Na5 $11
{1/2-1/2 Ljubojevic,L-Jussupow,A/Belgrade 1989/CBM 16 (22)}) 13... Qxd5 14. c4
(14. Bf4 Bd6 15. c4 Qe4 16. Be3 Rad8 17. Ra2 b6 18. Re1 Bg6 19. Qc1 Rfe8 20. h3
h6 21. Rd2 $14 {1-0 Kamsky,G-Jussupow,A/Moscow 1992/CBM 33 (79)}) (14. Be3 Rad8
15. c4 Qd6 16. d5 Ne5 17. Nd4 Qg6 18. Nxf5 Qxf5 19. Qa4 b6 20. h3 $14 {0-1
Nokso Koivisto,A-Hagsberg,R/Turku 1996/EXT 99 (57)}) 14... Qd6 (14... Qe4 15.
Be3 Bf6 $13 {1-0 Renet,O-Casafus,R/Buenos Aires 1994/CBM 42 (43)}) 15. Be3 (15.
d5 Ne5 16. Nd4 Bd7 17. a4 Rfe8 18. Nb5 Bxb5 19. axb5 Nd7 20. Ra3 Bf6 21. Re3
Nc5 $15 {1/2-1/2 Tischbierek,R-Jussupow,A/GER-CupT 1992/EXT 97-B (35)}) 15...
Bf6 {[%csl Rd4][%cal Rf3d4,Re3d4,Rd1d4,Gc6d4,Gf6d4,Gd6d4] The pressure on d4
grows} (15... Rfe8 16. Re1 b6 17. Ra2 Bf6 18. Qd2 Rad8 $132 {0-1 Kosec,T-Sorli,
M/SLO-chW 1996/EXT 97 (60)}) 16. Ra2 Rad8 (16... Rfe8 17. d5 Ne5 18. Nd4 $11)
17. d5 {()} Na5 (17... Ne7 18. Qa4 {׫} (18. Bxa7 $143 b6 $15)) (17... Ne5 $5)
18. Nd4 (18. Bd3 Bxd3 19. Qxd3 b6 $11) 18... Bd7 19. a4 Rfe8 20. Nb5 Bxb5 (
20... Qe5 $5) 21. axb5 b6 {[%csl Ga5,Gb6,Gc5,Gc7,Gd6][%cal Gf6a1,Gd6h2,Gd6a3]}
22. Bd2 {[%csl Ra5,Ra7][%cal Gd2a5,Ga2a7]} Nb7 (22... Be5 23. h3 $14) 23. Rxa7
Nc5 24. Bf3 Be5 25. g3 Qf6 (25... Ra8 26. Rxa8 Rxa8 27. Bb4 Ra2 28. Re1 $16)
26. Kg2 Re7 (26... Ra8 27. Rxa8 Rxa8 28. Re1 h6 $16) 27. h4 $40 h6 $8 28. Qc2 {
/^b1-h7} Rde8 {/\<=><->e} 29. Re1 Bd6 (29... Qd6 {גg3-c7,ףd6}) 30. Rxe7 Qxe7
(30... Rxe7 $4 31. Ra8+) (30... Bxe7 $4 31. Rxc7 $18) 31. Qf5 g6 {׻,Pg6,Ph6} (
31... Qe5 $5) 32. Qb1 h5 {גc1-h6,/^h4-d8,/^a1-h8} 33. Bg5 Qe5 34. Ra3 {<->e}
Qd4 {קc4} 35. Qc2 Nd7 {/\Ne5-c4} 36. Rd3 (36. Be3 Qf6 $16) 36... Qa1 37. Rd1
Qe5 (37... Qg7 38. Bd2 $16) 38. Bd2 Qf6 39. Bc3 Be5 40. d6 $1 $16 cxd6 (40...
Bxc3 41. dxc7 Nc5 (41... Nf8 42. Bb7 {/\c8Q}) 42. Rd8 Rxd8 (42... Rf8 43. c8=Q
$18) 43. Qxc3 (43. cxd8=Q+ Qxd8 44. Qxc3 $14) 43... Qxc3 44. cxd8=Q+ Kg7 45.
Qxb6 Qxc4 46. Qc6 $18) 41. Bd2 Qe6 42. Bd5 {[%csl Gd5,Re6,Rf7,Rg8][%cal Gd5g8,
Gd5a8,Gc2g6,Gd5g2,Gd5c4]} Qg4 43. Bg5 {/\Qg6גd5-g8} Kg7 44. Re1 {/\f4<->e} Rc8
45. Qa2 $1 {[%csl Rf7,Rg7][%cal Ga2a7,Ga7g7,Ge1e3,Ge3f3,Gf3f7]} Qf5 46. Re3 {
/\Rf3-f7} f6 47. Rf3 Qg4 48. Bf4 (48. Qa7 Kh8 49. Bc6 fxg5 50. Bxd7 Qe4 51.
hxg5 Ra8 (51... Rxc4 52. Qb8+ Kh7 53. Be6 Qxf3+ 54. Kxf3 Rc3+ 55. Kg2 $18) (
51... Rf8 52. Bc6 $18) 52. Qxb6 $18) 48... Re8 (48... Rd8 49. Qa7 Rf8 50. Bxe5
dxe5 51. Ra3 $18 {<->7}) 49. Qa7 {/\Be5} Re7 (49... Rf8 50. Bxe5 dxe5 51. Ra3
$18) 50. Qc7 Kh7 51. Bxe5 dxe5 52. Qd6 (52. Rxf6 $1 Rg7 53. Re6 $18) 52... Rg7
53. Bc6 Qd4 (53... Rf7 54. Ra3 Nc5 55. Bd5 $18 {[%csl Rb6,Rf7,Rh7][%cal Gd5f7,
Gd6b6,Ga3a8,Ga8h8]}) 54. Rd3 Qxd6 55. Rxd6 Nc5 56. Rxf6 $18 Ra7 (56... g5 57.
Rf5 gxh4 58. Rxh5+ Kg6 $18) 57. Bd5 (57. Bd5 Na4 58. Re6 $18) (57. Be8 Rg7 58.
Rxb6 Rg8 $18) 1-0

[Event "ISR-ch"]
[Site "Ramat Aviv"]
[Date "1998.11.10"]
[Round "2.1"]
[White "Rechlis, Gad"]
[Black "Bykhovsky, Avigdor"]
[Result "0-1"]
[WhiteElo "2520"]
[BlackElo "2455"]
[Annotator "Blatny,P"]
[PlyCount "64"]
[EventDate "1998.11.08"]
[EventType "k.o."]
[EventRounds "5"]
[EventCountry "ISR"]
[SourceTitle "CBM 068"]
[Source "ChessBase"]
[SourceDate "1999.02.01"]
[SourceVersion "1"]
[SourceVersionDate "1999.02.01"]
[SourceQuality "1"]

1. e4 e5 2. Nf3 Nf6 3. Nxe5 d6 4. Nf3 Nxe4 5. d4 d5 6. Bd3 Nc6 7. O-O Be7 8.
Re1 Bg4 9. c3 f5 10. Nbd2 (10. Qb3) 10... Qd7 11. b4 a6 12. Qb3 Nxd2 13. Nxd2
O-O 14. Qc2 h6 15. Nb3 f4 16. Bh7+ Kh8 17. f3 Bf5 18. Bxf5 Rxf5 19. a4 Raf8 20.
Qd3 Bd6 21. b5 axb5 22. axb5 Nd8 23. Ba3 Bxa3 24. Rxa3 b6 $1 25. Ra8 $6 (25.
Ra7 $5 Nf7 $140 26. Rxc7 Qxc7 27. Qxf5 Qxc3 28. Rb1 (28. Qb1 Nd6 $17) 28... Re8
$1 29. h3 Nd6 (29... Re1+ 30. Rxe1 Qxe1+ 31. Kh2 Qg3+ 32. Kg1 Qe1+ $11) 30.
Qxd5 Qd3 (30... Nc4 31. Qf7 Re1+ 32. Kh2 $1 Ne3 $1 33. Qe8+ Kh7 34. Rxe1 Qxe1
35. Qe4+ $11)) 25... Nb7 26. Rxf8+ Rxf8 27. Re5 $2 (27. c4 $8 Nd6 $1 (27...
dxc4 $6 28. Qxc4 Nd6 29. Qc6 $1) 28. cxd5 Nxb5 $15) 27... Nd6 $1 28. Nc1 $6 (
28. Rxd5 $2 Qe6 $1 {[%csl Rb3,Rd5,Re1][%cal Ge6b3,Ge6e1]} 29. Rxd6 (29. c4 Qe1+
30. Qf1 Qe3+ 31. Kh1 Qxb3 $19) 29... Qe1+ $1 30. Qf1 Qe3+ 31. Qf2 cxd6 $19) (
28. Qe2 $142 $17) 28... Nc4 29. Re1 Qxb5 30. Re7 (30. Qe2) 30... Re8 $1 31. Qe2
$2 (31. Rxe8+ Qxe8 $19) 31... Rxe7 32. Qxe7 Ne3 $1 0-1

[Event "LAT-ch"]
[Site "Latvia"]
[Date "1994.??.??"]
[Round "2"]
[White "Savko, Alexei"]
[Black "Meijers, Viesturs"]
[Result "1-0"]
[WhiteElo "2365"]
[BlackElo "2415"]
[Annotator "Blatny,P"]
[PlyCount "51"]
[EventDate "1994.??.??"]
[EventType "tourn"]
[EventRounds "11"]
[EventCountry "LAT"]
[EventCategory "7"]
[SourceTitle "CBM 041"]
[Source "ChessBase"]
[SourceDate "1994.08.01"]
[SourceVersion "1"]
[SourceVersionDate "1994.08.01"]
[SourceQuality "1"]

1. e4 {Ernst} e5 2. Nf3 Nf6 3. Nxe5 d6 4. Nxf7 $5 Kxf7 5. d4 c5 $5 (5... c6 $5
{Ernst} 6. Bd3 Qa5+ 7. c3 Be6 8. O-O Qh5 $10 {Midjord,J-Jones,I/Manila ol/1992/
}) 6. dxc5 (6. Bc4+ d5 7. exd5 Bd6 8. O-O (8. dxc5 Re8+ {<->e}) 8... Re8 9.
dxc5 Bxc5 10. Nc3 Bg4 11. Qd3 Nbd7 $17 {Yandemirov-Pliseckij/Moskva/1983/})
6... Qe8 {<->e,קe4} (6... Qa5+ {Ernst} 7. Nc3 Qxc5 8. Be3 Qc7 $15 {Martinez,
J-Gorbovickis,I/Bratislava WCHJ/1993/}) 7. Nc3 (7. Bc4+ Be6 $15) 7... d5 (7...
Nxe4 $4 8. Qd5+ $18) (7... dxc5 8. Bg5 $5) 8. Bg5 Nbd7 (8... dxe4 $2 9. Bxf6 $1
gxf6 (9... Kxf6 $2 10. Nd5+ Kg6 11. Nc7 $18) 10. Qh5+ Ke7 11. Nd5+ Kd8 12.
Qxe8+ Kxe8 13. Nc7+ $18) 9. Bb5 Qe6 (9... dxe4 10. Bxf6 {/\Nd5-c7+-}) 10. O-O
Bxc5 $6 (10... dxe4 $142 11. Qe2 $44) 11. exd5 Qf5 12. Qd2 Ne5 13. Rae1 a6 (
13... Rd8 14. Bxf6 Qxf6 15. Ne4 $18) 14. Be2 Rd8 15. Kh1 Bb4 (15... Bxf2 $2 16.
Rxf2 Qxf2 17. Bh5+ $18) (15... Kg8 16. f4 $40) 16. f4 Ng6 17. Bd3 Qd7 18. f5
Nf8 19. d6 $1 Kg8 (19... Qxd6 20. Bc4+ $18) (19... Bxd6 $4 {Ernst} 20. Bc4+ $18
) 20. Bc4+ Kh8 21. Bxf6 gxf6 22. Qd5 Qg7 23. Re7 $18 Qg4 (23... Qxe7 {Ernst}
24. Qg8# $18) 24. h3 Rxd6 25. Qf7 Be6 26. Qxf6+ 1-0

[Event "EU-chT (Men) 12th"]
[Site "Batumi"]
[Date "1999.12.06"]
[Round "8.2"]
[White "Zapolskis, Antanas J"]
[Black "Dutreeuw, Marc"]
[Result "1-0"]
[WhiteElo "2399"]
[BlackElo "2394"]
[Annotator "Blatny,P"]
[PlyCount "81"]
[EventDate "1999.11.06"]
[EventType "team-swiss"]
[EventRounds "9"]
[EventCountry "GEO"]
[SourceTitle "CBM 074"]
[Source "ChessBase"]
[SourceDate "2000.02.01"]
[SourceVersion "1"]
[SourceVersionDate "2000.02.01"]
[SourceQuality "1"]
[WhiteTeam "Lithuania"]
[BlackTeam "Belgium"]
[WhiteTeamCountry "LTU"]
[BlackTeamCountry "BEL"]

1. e4 e5 2. Nf3 Nf6 3. Nxe5 d6 4. Nc4 Nxe4 5. Nc3 Nxc3 6. dxc3 d5 (6... Be7 7.
Qf3 Bg5 8. Qe4+ Qe7 9. Qxe7+ Bxe7 10. Bf4 Bf5 11. Ne3 Bg6 12. Bd3 Bxd3 13. cxd3
$11 {1/2-1/2 Malaniuk,V-Kochyev,A/Tallinn 1987/EXT 97 (21)}) 7. Ne3 Be6 (7...
c6 8. Qd4 Be6 9. f4 f6 10. c4 c5 11. Qd3 d4 12. Qe4 Qe7 13. Nd5 Bxd5 14. Qxe7+
Bxe7 15. cxd5 Nd7 16. c4 $13 {1/2-1/2 Sulskis,S-Zulfugarli,M/Bydgoszcz 1999/
EXT 2000 (43)}) 8. Bd3 (8. Qh5 Qd6 9. Bd2 Nd7 10. O-O-O O-O-O $13 {1-0
Benjamin,J-Lev,R/London 1987/TD (28)}) 8... g6 9. Qe2 (9. O-O Bg7 10. f4 f5 11.
Qf3 c6 12. Bd2 Nd7 13. Rfe1 O-O 14. c4 d4 $11 {1/2-1/2 Schuster,T-Engert,I/
Hoechst 1955/EXT 98 (59)}) 9... Qe7 (9... Nc6 10. O-O $11) 10. O-O Nd7 (10...
Bg7 11. Re1 Nc6 12. Bb5 $14) 11. Re1 (11. f4 f5 $14) 11... Nc5 (11... c6 12.
Bd2 $11) 12. Bd2 (12. a4 O-O-O 13. b4 Nxd3 14. cxd3 Bg7 $36) 12... O-O-O 13. b4
(13. c4 dxc4 14. Bxc4 Bg7 $132) 13... Nxd3 14. cxd3 Qh4 (14... Bg7 15. Nc2 Rhe8
$15) 15. Nf1 Bg7 16. d4 Rhe8 17. Qb5 Qe7 $5 (17... Kb8 18. Re3 {/\Rae1} Bh6) (
17... f5 18. g3 {[%cal Gd2f4,Gf4e5]}) (17... g5 $5 18. Re3 $13) (17... Rd7 18.
Qa4 $16) 18. Bf4 g5 19. Be5 f6 20. Bg3 Qd7 21. Qa5 $36 Kb8 22. b5 b6 {[%csl
Rb6]} 23. Qb4 {[%csl Rb6][%cal Ga2a5,Ga5b6]} (23. Qa6 $5) 23... Bf8 24. Qb3 Bf5
(24... h5 $142 $5 25. h4 Bd6 $40) 25. Rxe8 Rxe8 26. Ne3 Be6 27. a4 h5 28. h3 (
28. a5 $5 Ka8 (28... h4 29. axb6 hxg3 30. Rxa7 gxf2+ 31. Kf1 (31. Kxf2 Qd6 $132
) 31... Rc8 (31... Qd6 32. Qa4 Qa3 33. bxc7+ $18) 32. Qa4 $18) 29. axb6 cxb6
30. Nxd5 $6 Bxd5 31. Rxa7+ $5 Qxa7 (31... Kxa7 32. Qa4+ Kb7 33. Qa6#) 32. Qxd5+
Qb7 33. Qa2+ Ba3 34. Qxa3+ Qa7 35. Qc1 $15) 28... h4 (28... f5 $142 $5 29. Be5
f4 $40) 29. Bh2 Bd6 (29... f5 30. a5 f4 31. axb6 cxb6 32. Nf1 {ץh2}) 30. Bxd6
Qxd6 31. a5 Bc8 32. axb6 (32. Qxd5 Qxd5 33. Nxd5 $16) 32... axb6 33. Qc2 (33.
Qxd5 $5 Qxd5 34. Nxd5 f5 35. Kf1 Bd7 36. c4 Re4 37. Rd1 $14) 33... Be6 34. Rd1
Qf4 35. c4 (35. Qa4 $142 $5 Qd6 36. Ra1 $36) 35... dxc4 36. d5 Bg8 37. Nxc4 (
37. Qg6 Rf8 38. d6 cxd6 39. Qg7 $18) 37... Re4 $2 (37... Bxd5 $142) 38. Nxb6 $1
cxb6 39. Qc6 Ka7 (39... Rc4 40. Qxb6+ Kc8 41. d6 $18) 40. d6 Be6 41. Qc7+ 1-0

[Event "Copenhagen K41"]
[Site "Copenhagen"]
[Date "1995.??.??"]
[Round "8"]
[White "Wang, Zili"]
[Black "Ye, Rongguang"]
[Result "1-0"]
[WhiteElo "2505"]
[BlackElo "2535"]
[Annotator "Blatny,P"]
[PlyCount "61"]
[EventDate "1995.06.??"]
[EventType "tourn"]
[EventRounds "9"]
[EventCountry "DEN"]
[EventCategory "10"]
[SourceTitle "CBM 048"]
[Source "ChessBase"]
[SourceDate "1995.10.01"]
[SourceVersion "1"]
[SourceVersionDate "1995.10.01"]
[SourceQuality "1"]

1. e4 {Giese} e5 2. Nf3 Nf6 3. Nxe5 d6 4. Nf3 Nxe4 5. d4 d5 6. Bd3 Nc6 7. O-O
Be7 8. c4 Nb4 9. Be2 Be6 10. Nc3 O-O 11. Be3 Bf6 12. a3 Nxc3 13. bxc3 Nc6 14.
cxd5 (14. Rb1 $6 b6 15. cxd5 Bxd5 16. Nd2 Ne7 17. Bf3 Nf5 18. Rb5 c5 $1 19.
Bxd5 Qxd5 20. Qf3 $6 (20. c4 $2 Nxe3 $1 21. fxe3 Qe6 $19) (20. Bf4 $142 $15)
20... Qd7 $1 21. Rfb1 cxd4 22. Ne4 Be7 $17 23. Rd5 Qxd5 $1 24. Nf6+ Bxf6 25.
Qxd5 Ne7 $1 26. Qb7 dxe3 $19 {Salai,L-Kolesar,M/Brno (ch)/1990/}) 14... Bxd5
15. Nd2 (15. Rb1 Rb8 (15... b6 $142) 16. Nd2 Be6 17. Bf3 Bf5 18. Ne4 Be7 19.
Rb5 Qc8 20. Ng3 Bd7 21. Be4 $36 {Saltaev,M-Tolstikh,N/Volgograd/1994/}) 15...
Ne7 $6 $146 (15... Na5 16. Qc2 b6 {1/2-1/2 Gipslis,A-Smyslov,V/Moscow Veteran
1991}) 16. Qc2 g6 17. Bd3 $1 Bc6 18. Ne4 Bg7 19. Rae1 $14 b6 20. Re2 h6 (20...
f5 $6 21. Ng5 Qd5 (21... h6 $6 22. Ne6 (22. Bc4+ Bd5 $8 23. Ne6 Bxe6 24. Bxe6+
$14) 22... Qd5 23. Nf4 {/\Bc4->}) 22. Nf3 {/\Bf4-e5;Bg5+/=/+/-}) 21. Rfe1 Nf5
$6 (21... f5 $142 22. Nd2 Nd5 $14) 22. Bf4 Qd7 (22... Bxd4 $2 23. cxd4 Nxd4 24.
Qc3 Nxe2+ 25. Rxe2 Bxe4 $8 26. Bxh6 $1 f6 27. Rxe4 Re8 (27... Rf7 28. Bc4 $18)
28. Rxe8+ Qxe8 29. Qxc7 $18) (22... Re8 $142) 23. Be5 $1 Qd8 (23... f6 24. Bf4
{גa2-g8}) 24. Ng3 Nxg3 25. hxg3 Qd5 (25... Re8 $2 26. Bxg6 $1 fxg6 27. Qxg6
Rxe5 28. Rxe5 Ba4 29. Re7 Qf8 30. Rxc7 {/\Ree7+-}) 26. f3 Bxe5 27. Rxe5 Qd6 28.
Bc4 $36 Rae8 $2 (28... Kg7 29. Qa2 (29. Re6 $4 fxe6 30. Rxe6 Qxg3 31. Rxc6 Rxf3
$19) 29... Rae8 30. f4 $14) (28... Rfe8 $5 29. f4 (29. Re6 $4 Rxe6 30. Rxe6
fxe6 31. Qxg6+ Kf8 32. Bxe6 Ke7 33. Qf7+ Kd8 34. Qf6+ Qe7 35. Qh8+ Be8 36. Qxh6
c6 {/\Kc7,Bd7-+}) 29... Kg7 30. Qb3 $14) 29. Re6 $1 {[%csl Yf6,Yf7,Yg6,Yh6]
[%cal Re6g6,Gc2g6]} Ba4 {-29...Ba4 30.Qb1 Rxe6} (29... Rxe6 30. Rxe6 fxe6 31.
Qxg6+ Kh8 32. Qxh6+ Kg8 33. Bxe6+ Rf7 34. Qg6+ $18) (29... Kh7 {Giese} 30. Rxd6
Rxe1+ 31. Kf2 $18) 30. Qb1 $1 (30. Qd3 $6 {Giese} Kh7 $1 31. Rxd6 Rxe1+ 32. Kf2
Rd1 $1 33. Qxd1 Bxd1 34. Rd7 {+/-/+-}) 30... Rxe6 31. Rxe6 (31. Rxe6 fxe6 (
31... Qxg3 32. Rxg6+ $18) (31... Qxa3 {Giese} 32. Rxg6+ Kh7 33. Rxb6+ f5 34.
Ra6 Qxc3 35. Rxa4 Qxd4+ 36. Kh2 $18) 32. Qxg6+ Kh8 33. Qxh6+ Kg8 34. Bxe6+ Rf7
35. Qg6+ Kh8 36. Qxf7 Qd8 (36... Qxg3 37. Qf8+ Kh7 38. Bf5+) 37. Bf5 $18) 1-0

[Event "USA-ch G2"]
[Site "Chandler"]
[Date "1997.08.30"]
[Round "6"]
[White "De Firmian, Nick E"]
[Black "Schwartzman, Gabriel"]
[Result "0-1"]
[WhiteElo "2570"]
[BlackElo "2515"]
[Annotator "Blatny,P"]
[PlyCount "96"]
[EventDate "1997.08.23"]
[EventType "tourn"]
[EventRounds "7"]
[EventCountry "USA"]
[EventCategory "13"]
[SourceTitle "CBM 061"]
[Source "ChessBase"]
[SourceDate "1997.11.23"]
[SourceVersion "1"]
[SourceVersionDate "1997.11.23"]
[SourceQuality "1"]

1. e4 e5 2. Nf3 Nf6 3. Nxe5 d6 4. Nf3 Nxe4 5. d4 d5 6. Bd3 Nc6 7. O-O Be7 8. c4
Nb4 9. Be2 O-O 10. Nc3 Be6 (10... Bf5 11. a3 Nxc3 12. bxc3 Nc2 $2 13. Ra2 $18)
11. Be3 Bf5 12. Qb3 {[%csl Gc3,Gc5,Gd4,Yd5,Ge3,Ye4,Ge5][%cal Gc4d5,Gb3d5,Gc3d5]
} (12. Ne1 dxc4 13. Bxc4 c6 14. Nd3 Nd6 15. Nxb4 Nxc4 16. Nd3 Qa5 17. Ne2 Qb5
18. Bc1 Rad8 19. a4 Qb6 20. b3 Na5 21. b4 Nc4 22. Qb3 Rxd4 23. Nxd4 Qxd4 $44 {
1-0 Polovnikova,E-Gorshkova,I/WchJW U20 1997/EXP 59 (46)}) (12. Ne5 f6 13. Nd3
Nxc3 14. bxc3 Nxd3 15. Bxd3 Bxd3 16. Qxd3 Qd7 17. cxd5 {1/2-1/2 Popovic,
P-Mikhalchishin,A/JUG-chT (Cetinje) 1993}) (12. Rc1 dxc4 13. Bxc4 c6 14. Ne5
Nxc3 15. bxc3 Nd5 16. Re1 (16. Qf3 Be6 17. Bd3 Bd6 18. Bd2 Qh4 19. Rfe1 $14 {
Huebner,R-Timman,J/Sarajevo cdt 8f 1991/1/2-1/2 (60)}) 16... Ba3 17. Qf3 Bxc1
18. Bxc1 Be6 19. Bd3 Qa5 20. Bd2 Qxa2 21. Bg5 Qa5 22. Qh5 f5 $19 {Timman,
J-Bareev,E/Linares 1993/0-1 (52)}) (12. a3 Nxc3 13. bxc3 Nc2 14. Ra2 Nxe3 $15)
12... c6 (12... dxc4 13. Bxc4 a5 14. a3 (14. Nxe4 Bxe4 15. a3 a4 16. Qd1 Nc2
17. Rc1 Nxe3 18. fxe3 $15 {0-1 Voitsekhovsky,S-Kolesar,M/Pardubice /1995 (37)})
14... Nxc3 15. axb4 b5 16. bxa5 bxc4 17. Qxc3 $16 {1-0 Zagrebelny,S-Pavasovic,
D/Ljubljana op 1994 (29)}) 13. c5 $5 (13. Rac1 dxc4 14. Bxc4 a5 (14... b5 15.
Bxf7+ Rxf7 16. Ne5 Nd5 17. Nxe4 Bxe4 18. Rxc6 Qe8 19. Rcc1 Bd6 20. Nxf7 Qxf7
$132 {Khalifman,A-Arkhipov,S/Moscow-B 1985/MCL 05/0-1 (57)}) 15. a3 Nxc3 16.
axb4 Nb5 17. bxa5 Rxa5 18. d5 Be4 19. dxc6 Bxf3 20. Bxb5 bxc6 21. Bxc6 Bxc6 22.
Rxc6 $16 {1-0 Adams,M-Christiansen,L/Cannes team60 1992/CBM 28/[Schussler] (51)
}) (13. cxd5 cxd5 14. Rfc1 Rc8 15. Ne5 f6 16. Nf3 Qd7 17. Nxe4 Bxe4 18. Ne1 {
1/2-1/2 De Firmian,N-Kaidanov,G/New York op 1994/EXP 40}) 13... Nxc3 14. bxc3 (
14. Qxc3 Nc2 15. Rac1 Nxe3 16. Qxe3 Re8 $15) 14... Nc2 15. Rad1 (15. Rac1 Nxe3
16. fxe3 Qc7 17. c4 Be4 18. Nd2 f5 19. Bf3 a5 20. cxd5 a4 21. Qb6 $13 {1-0
Kloppenburg,M-Pinkerneil,R/6/7 ICCF Cup sf 1991 (41)}) 15... Nxe3 16. fxe3 {
[%csl Gb4,Rb5,Rc2,Gc3,Yc4,Gc5,Rc6,Rd3,Gd4,Rd5,Ge3,Re4,Ge5,Re6,Gf4,Rf5]} Rb8 (
16... Qc7 17. c4 {[+]}) 17. c4 Be6 (17... b6 $5 18. Ne5 (18. cxd5 bxc5 19. Qc3
Qxd5 $132) 18... bxc5 19. Qa4 $13) 18. Qc2 Qc7 (18... dxc4 19. e4 b5 $5 $132)
19. Bd3 (19. cxd5 cxd5 (19... Bxd5 20. Bd3 h6 21. e4 $14) 20. Bd3 f5 $11) 19...
f5 (19... dxc4 20. Bxh7+ Kh8 21. Bf5 $14) 20. g3 (20. cxd5 cxd5 21. Rb1 b6 $13)
20... g6 21. cxd5 (21. Qa4 $5) 21... cxd5 (21... Bxd5 22. e4 fxe4 23. Bxe4 Bxe4
24. Qxe4 Rbe8 $15) 22. Rb1 Bf6 23. Rfc1 (23. Qa4 b6 $1) 23... Bf7 24. Ne1 Rfe8
$15 25. Ng2 $2 (25. Qf2 $142) 25... Rxe3 $1 26. Nxe3 Bxd4 27. Re1 Re8 28. Kf1 (
28. Qd2 f4 $1 29. gxf4 Qxf4 $19) (28. Qf2 Qxc5 29. Rbc1 Rxe3 $1) 28... Bxe3 $17
29. Qb3 Qxc5 30. Qxb7 Qd4 (30... d4 31. Qb5 $17) 31. Rbd1 (31. Qb5 $142 {<->e})
31... Qg4 (31... Bg1 32. Rxe8+ Bxe8 33. Rd2 Bxh2 34. Rxh2 Qxd3+ 35. Kg2 Qe4+
36. Kg1 Qe3+ 37. Kf1 Bf7 $19) 32. Kg2 d4 33. Bb5 (33. Be2 $142 Qe4+ 34. Bf3)
33... Re7 34. Qa8+ (34. Qxe7 Bd5+ 35. Qe4 Bxe4+ 36. Kf1 Qf3#) 34... Kg7 35. Bc6
Rc7 36. Bf3 Qg5 (36... Rc2+ 37. Kh1 Qh3 38. Bg2) 37. Re2 f4 38. Qb8 Rd7 39. Qa8
$2 (39. Qc8 Be6 40. Qc6 Qf5 41. g4 Qe5 $17) 39... fxg3 $19 40. h4 (40. hxg3 d3
(40... Bf4 $19) 41. Ree1 Bf4 $19) 40... Qxh4 41. Rh1 Qf4 42. Rb2 h5 43. Rb7
Rxb7 44. Qxb7 Qf5 45. Rf1 h4 46. Qe7 Qc2+ 47. Kh3 Qh2+ 48. Kg4 g2 0-1

[Event "Chigorin Memorial 07th"]
[Site "St Petersburg"]
[Date "1999.11.03"]
[Round "2"]
[White "Voitsekhovsky, Stanislav"]
[Black "Kochyev, Alexander"]
[Result "1-0"]
[WhiteElo "2544"]
[BlackElo "2441"]
[Annotator "Blatny,P"]
[PlyCount "107"]
[EventDate "1999.11.02"]
[EventType "swiss"]
[EventRounds "9"]
[EventCountry "RUS"]
[SourceTitle "CBM 074"]
[Source "ChessBase"]
[SourceDate "2000.02.01"]
[SourceVersion "1"]
[SourceVersionDate "2000.02.01"]
[SourceQuality "1"]

1. e4 e5 2. Nf3 Nf6 3. Nxe5 d6 4. Nf3 Nxe4 5. d4 d5 6. Bd3 Bd6 7. O-O O-O 8. c4
c6 9. cxd5 cxd5 10. Nc3 Nxc3 11. bxc3 Bg4 12. Rb1 Nd7 13. h3 Bh5 14. Rb5 (14.
Rxb7 Nb6 15. Bd2 h6 16. Re1 Qc8 17. Ba6 Qc6 $44 {Nadyrhanov,S-Raetsky,A/
Krasnodar/1995/}) 14... Nb6 15. c4 (15. a4 a6 16. Rb1 Bxf3 17. Qxf3 $14) 15...
Bxf3 (15... Nxc4 16. Rxd5 Bh2+ 17. Nxh2 Qxd5 18. Bxc4 Qxc4 19. Qxh5 $16 {
Mahia,G-Pla,S/Mar del Plata/1988/}) 16. Qxf3 dxc4 17. Bc2 (17. Be4 Qd7 18. Rh5
g6 19. Rg5 Rab8 20. h4 $13) 17... Qd7 (17... Rb8 18. a4 a6 19. Bg5 Qc7 20.
Bxh7+ Kxh7 21. Qh5+ Kg8 22. Bf6 $40 {Kudrin,S-Machado,H/Thessaloniki/1988/})
18. a4 g6 (18... Bc7 19. Rc5 Bd6 {Adams-Anand/Oakham/1992/} 20. a5 $1 $16) 19.
Be3 (19. Bd2 c3 20. Qxc3 Rac8 21. Qb3 Rc7 22. Bd3 Rfc8 23. Re1 Bf8 24. a5 $16 {
1/2-1/2 Sokolov,A-Finegold,B/Reykjavik 1990/CBM 18 ext (53)}) 19... Rfd8 (19...
Rac8 20. Rfb1 c3 21. a5 Nc4 22. Rxb7 Rc7 23. a6 $14 {1/2-1/2 De Firmian,
N-Rozentalis,E/Hamburg 1999/EXT 2000 (55)}) 20. Rfb1 Be7 (20... Qc6 21. Qxc6
bxc6 22. R5b2 $15) 21. Be4 (21. a5 Nd5 22. Rxb7 $36) 21... Rab8 22. Bf4 Bd6 23.
a5 Bxf4 24. Qxf4 Na4 (24... Na8 25. Rxb7 Rxb7 26. Rxb7 $16) 25. Rxb7 Rxb7 26.
Rxb7 Qe6 27. d5 Qe8 28. d6 (28. Qf6 Nc3 29. Re7 Nxe4 30. Rxe8+ Rxe8 $18) 28...
Nc3 (28... Rd7 29. Rxd7 Qxd7 30. Qe5 $18) 29. Bf3 Rd7 30. Rxd7 (30. a6 $5 Qe1+
31. Kh2 Qe6 32. Rb8+ Kg7 33. Qd4+ Kh6 34. Qd2+ g5 35. Qxc3 Qxd6+ 36. g3 $18)
30... Qxd7 31. Bg4 h5 32. Qxc4 Qxd6 33. Bxh5 $1 (33. Qxc3 $6 hxg4 34. Qc8+ Kg7
$11) 33... Nd5 34. Bf3 Nc7 35. g3 Qe5 36. a6 Kg7 37. Kg2 Ne6 38. Bd5 Nd4 39. h4
(39. Bxf7 Qe4+ 40. Kh2 Nf3+ 41. Kh1 Qe1+ 42. Kg2 Ng5 43. Qd4+ Kxf7 44. Qxa7+
Kf6 $16) 39... Nf5 40. Qe4 Qd6 41. Bc4 Ne7 42. Qf3 Nf5 43. h5 Qd4 (43... Qc5 $5
44. Bd5 Qd6 $16) 44. Bb3 (44. Bxf7 $5 Kxf7 45. g4 $16) 44... Nd6 45. hxg6 fxg6
(45... Kxg6 46. Qd5 Qxd5+ 47. Bxd5 $16) 46. Bd5 (46. Qd5 Qxd5+ 47. Bxd5 g5 $16)
46... Nf5 47. Qb3 Kh6 48. Bf3 Qd2 (48... Kg5 49. Qe6 Qf6 50. Qe8 $16) 49. Be4
Nd6 50. Bd3 Kg7 51. Qd5 Nf7 52. Qd4+ Kf8 53. Qe4 g5 54. Bc4 1-0